Welcome to CU Library Online Public Access Catalogue (OPAC)

Biblical Hebrew step-by-step / (Record no. 1968)

MARC details
000 -LEADER
fixed length control field 00593cam a2200205 i 4500
001 - CONTROL NUMBER
control field 1832855
005 - DATE AND TIME OF LATEST TRANSACTION
control field 20241205113144.0
008 - FIXED-LENGTH DATA ELEMENTS--GENERAL INFORMATION
fixed length control field 810202s1980 miua 000 0 eng
020 ## - INTERNATIONAL STANDARD BOOK NUMBER
International Standard Book Number 0801060419 (pbk.) :
Terms of availability $9.95
050 00 - LIBRARY OF CONGRESS CALL NUMBER
Classification number PJ4567
Item number .M23 1980
082 00 - DEWEY DECIMAL CLASSIFICATION NUMBER
Classification number 492.4/82421
Edition information 19
100 1# - MAIN ENTRY--PERSONAL NAME
Personal name Mansoor, Menahem.
245 10 - TITLE STATEMENT
Title Biblical Hebrew step-by-step /
Statement of responsibility, etc. Menahem Mansoor.
250 ## - EDITION STATEMENT
Edition statement 2d ed.
260 ## - PUBLICATION, DISTRIBUTION, ETC.
Place of publication, distribution, etc. Grand Rapids, Mich. :
Name of publisher, distributor, etc. Baker Book House,
Date of publication, distribution, etc. c1980.
300 ## - PHYSICAL DESCRIPTION
Extent 249 p. :
Other physical details ill. ;
Dimensions 24 cm.
500 ## - GENERAL NOTE
General note INCLUDING INDEX
650 #0 - SUBJECT ADDED ENTRY--TOPICAL TERM
Topical term or geographic name entry element Hebrew language
General subdivision Grammar.
942 ## - ADDED ENTRY ELEMENTS (KOHA)
Source of classification or shelving scheme Library of Congress Classification
Koha item type Books
Suppress in OPAC No
999 ## -
-- 1968
-- 1968
Holdings
Withdrawn status Lost status Source of classification or shelving scheme Damaged status Not for loan Collection Home library Current library Shelving location Date acquired Total checkouts Full call number Barcode Date last seen Copy number Price effective from Koha item type
    Library of Congress Classification     Non-fiction Undergraduate Library (Christ Temple) Undergraduate Library (Christ Temple) General stacks 12/05/2024   PJ4567 MAN ulct00000517 12/05/2024 1 12/05/2024 Books
    Library of Congress Classification     Non-fiction Undergraduate Library (Christ Temple) Undergraduate Library (Christ Temple) General stacks 12/05/2024   PJ4567 MAN ulct00000518 12/05/2024 2 12/05/2024 Books
© 2023-2024 Copyright: Central University Libraries. All Rights Reserved | Created by: Mahone Tech Office